000 00321nam a22001337a 4500
008 170608b xxu||||| |||| 00| 0 eng d
020 _a9781586482619
041 _aeng
080 _a327
100 _a18
101 _aSHP
245 _aTHECASE DMOCRACY THE POWER FREEDOM TO OVERCOM
_cSHARANSKY.A
942 _2udc
_cBK
999 _c16411
_d16411